| 000 | 01289cam a2200337 a 4500 | ||
|---|---|---|---|
| 999 |
_c491132 _d491132 |
||
| 001 | 13240964 | ||
| 003 | NUST | ||
| 005 | 20181010071721.0 | ||
| 008 | 030617s2004 enk b 001 0 eng | ||
| 010 | _a 2003013092 | ||
| 015 | _aGBA3-U8348 | ||
| 020 | _a0415234751 (hb) | ||
| 020 | _a041523476X (pb) | ||
| 035 | _a(OCoLC)ocm52478387 | ||
| 038 | _a0 | ||
| 040 |
_aDLC _cDLC _dYDX _dUKM _dBAKER _dDLC |
||
| 050 | 0 | 0 |
_aPR5908.P58 _bR68 2004 |
| 082 | 0 | 0 |
_a821/.8 _221 |
| 245 | 0 | 4 |
_aThe poems of W.B. Yeats : _ba sourcebook / _cedited by Michael O'Neill. |
| 260 |
_aLondon ; _aNew York : _bRoutledge, _c2004. |
||
| 300 |
_axi, 194 p. ; _c23 cm. |
||
| 440 | 0 |
_aRoutledge guides to literature _912339 |
|
| 504 | _aIncludes bibliographical references (p. [185]-187) and index. | ||
| 600 | 1 | 0 |
_aYeats, W. B. _q(William Butler), _d1865-1939 _xPoetic works. _912340 |
| 700 | 1 |
_aO'Neill, Michael, _d1953- _912341 |
|
| 856 | 4 | 1 |
_3Table of contents only _uhttp://www.loc.gov/catdir/toc/ecip045/2003013092.html |
| 856 | 4 | 2 |
_3Publisher description _uhttp://www.loc.gov/catdir/enhancements/fy0650/2003013092-d.html |
| 906 |
_a7 _bcbc _corignew _d1 _eecip _f20 _gy-gencatlg |
||
| 942 |
_2ddc _cBK |
||